000 01062nam0a2200325 4500
001 RU\NLR\BIBL_A\022074280
005 20231128102554.0
010 _a978-5-389-24234-0
_93000
021 _aRU
_bКН-П-23-065250
_9КН-П-23-6637
035 _a(NLR Aleph) 022074280
090 _a12669623
_c12669623
100 _a20231116d2023 u y0rusy50 ca
101 0 _arus
102 _aRU
105 _ay z 000ay
181 0 _ai
_baxxe
182 0 _an
200 1 _aКонцертмейстер
_e[роман]
_fМаксим Замшев
203 _aТекст
_bвизуальный
_cнепосредственный
210 _aСанкт-Петербург
_cАзбука
_cАзбука-Аттикус
_d2023
215 _a507, [1] с.
_d21
333 _a16+
686 2 _aШ6(2=Р)8-440.4
700 1 _aЗамшев
_bМ. А.
_f1972-
_gМаксим Адольфович
942 _cBOOK
980 _aNB
996 _aметка
_bnar